El Impacto de las religiones indígenas americanas en la teología misionera del S. XVI.
में बचाया:
| मुख्य लेखक: | |
|---|---|
| स्वरूप: | अज्ञात |
| प्रकाशित: |
Bilbao, España:
Desclée De Brouwer,
2000.
|
| श्रृंखला: | Religiones en Diálogo. Teoría
|
| विषय: | |
| टैग: |
टैग जोड़ें
कोई टैग नहीं, इस रिकॉर्ड को टैग करने वाले पहले व्यक्ति बनें!
|
MARC
| LEADER | 00000 a2200000 4500 | ||
|---|---|---|---|
| 003 | CL-VaPUC | ||
| 005 | 20221103164532.0 | ||
| 008 | 221019t2000 ||||| |||| 00| 0 eng d | ||
| 999 | |c 438817 |d 438815 | ||
| 020 | |a 84-330-1473-0 | ||
| 040 | |c Pontificia Universidad Católica de Valparaíso | ||
| 082 | 7 | |a 282.8 GOM 2000 |2 22 | |
| 100 | |a Gómez Díez, Francisco Javier |9 876782 |e autor | ||
| 245 | |a El Impacto de las religiones indígenas americanas en la teología misionera del S. XVI. | ||
| 260 | |a Bilbao, España: |b Desclée De Brouwer, |c 2000. | ||
| 300 | |a 266 páginas. | ||
| 490 | |a Religiones en Diálogo. Teoría |n 4. | ||
| 583 | |k GC |c 20221019 | ||
| 650 | |a Misiones América |x Historia |z Siglo 16 |9 877988 | ||
| 650 | |a Teología |z España |x Historia |y Siglo 16 |9 877989 | ||
| 942 | |2 ddc |c BK | ||
| 952 | |0 0 |1 0 |2 ddc |4 0 |6 282_800000000000000_GOM_2000 |7 0 |8 A |9 587387 |a BIBTEO |b BIBTEO |c GEN |d 2022-10-18 |e 3 |g 16938.00 |i 5655286 |o 282.8 GOM 2000 |p 5655286 |r 2024-01-18 |t 1 |v 16938.00 |w 2022-10-18 |y BK |k ICR | ||